| 000 | 00354nam a22001457a 4500 | ||
|---|---|---|---|
| 008 | 221110b ||||| |||| 00| 0 eng d | ||
| 020 | _a9781437717303 | ||
| 041 | _aeng | ||
| 080 |
_2THIRD EDITION _a616.31 |
||
| 082 | _a616.31 BAL | ||
| 100 | _a12 | ||
| 101 | _aSTOMA | ||
| 245 |
_aDENTAL EMBRYOLOGY HISTOLOGY AND ANATOMY _cBALOGH M |
||
| 942 |
_2udc _cBK |
||
| 999 |
_c58838 _d58838 |
||